000 00496nam a2200181Ia 4500
008 240925s9999 xx 000 0 und d
020 _a9788122427707
082 _a620.00151535 BHA
100 _aBhavikatti, S. S.
245 0 _aFinite Element Analysis
250 _a2nd
260 _aNew Delhi:
_bNew Age International (Pvt) Limited
_c,2010.
300 _axvii,653p.
_bIII
_fPhotocopy
500 _aIncludes Index
600 _aElectronic Engineering
650 _aTechnology
942 _cBK
999 _c11812
_d11812